Berlin-U6 - Statistiken

Allgemein
  • Dieses Quiz wurde 40 mal gespielt
  • Das Durchschnittsergebnis liegt bei 18 aus 28
Antwortstatistiken
Antwort % Korrekt
1. Alt-Mariendorf
88%
28. Alt-Tegel
84%
5. Alt-Tempelhof
84%
23. Kurt-Schumacher-Platz
84%
6. Tempelhof
84%
14. Friedrichstraße
80%
9. Mehringdamm
80%
8. Platz der Luftbrücke
80%
12. Stadtmitte
76%
10. Hallesches Tor
72%
16. Naturkundemuseum
72%
7. Paradestraße
72%
13. Unter den Linden
72%
2. Westphalweg
68%
20. Leopoldplatz
64%
15. Oranienburger Tor
64%
22. Afrikanische Straße
60%
27. Borsigwerke
60%
11. Kochstraße
60%
4. Kaiserin-Augusta-Straße
56%
18. Reinickendorfer Straße
56%
3. Ullsteinstraße
56%
21. Rehberge
52%
24. Scharnweberstraße
52%
26. Holzhauser Straße
48%
25. Ottisstraße
36%
17. Schwarzkopfstraße
32%
19. WWedding
16%
Keine übereinstimmenden Quizze gefunden
Verteilung der Resultate
Anzahl Personen mit jedem Resultat
Perzentil nach korrekt beantworteten Fragen
Ihre Resultats-Entwicklung
Sie haben dieses Quiz noch nicht gespielt